000 004950000a22001810004500
003 MACL
005 20150726151356.0
008 150726b xxu||||| |||| 00| 0 eng d
040 _aMACL
_cMACL
041 _aEnglish
082 _a331/GUP
100 _aGupta,Ranajit Das
_92638
245 _aLabour And Working Class In Eastern India Studies In Colonical History
260 _bK P Bagchi& Company
_c1994
_aNew Delhi
350 _a450
650 _aLabour Economics
_92398
942 _cBK
_k331
_2ddc
999 _c2703
_d2703